Josífkův pekelný týden /
Další příběh o malém neposluchovi Josífkovi. Sice už přestal lhát, ale uklízení, úkoly a všechny povinnosti ho hrozně nebaví.
Uloženo v:
| Hlavní autor: | |
|---|---|
| Další autoři: | |
| Médium: | E-audiokniha |
| Jazyk: | Czech |
| Vydáno: |
Praha :
Albatros,
[2019]
|
| Témata: | |
| Tagy: |
Žádné tagy |
| LEADER | 02559nim a2200637 i 4500 | ||
|---|---|---|---|
| 001 | 313071 | ||
| 003 | CZ PrSKC | ||
| 005 | 20260601215734.0 | ||
| 007 | sd fungnnmmned | ||
| 008 | 190910t20192019xr nnnnj h n cze | ||
| 015 | |a cnb003132311 | ||
| 024 | 3 | |a 8594050427815 | |
| 040 | |a ABA001 |b cze |e rda | ||
| 072 | 7 | |a 821.162.3-3 |x Česká próza |2 Konspekt | |
| 072 | 7 | |a 821-93 |x Literatura pro děti a mládež (beletrie) |2 Konspekt | |
| 080 | |a 821.162.3-32 |2 MRF | ||
| 080 | |a (0:82-32) |2 MRF | ||
| 080 | |a (086.7.053.2) |2 MRF | ||
| 080 | |a (086.7)08 |2 MRF | ||
| 080 | |a (086.76) |2 MRF | ||
| 100 | 1 | |a Krolupperová, Daniela, |d 1969- |7 xx0012658 |4 aut | |
| 245 | 1 | 0 | |a Josífkův pekelný týden / |c Daniela Krolupperová |
| 264 | 1 | |a Praha : |b Albatros, |c [2019] | |
| 264 | 4 | |c ©2019 | |
| 300 | |a 1 audiodisk (1 hod., 18 min.) ; |c 12 cm | ||
| 306 | |a 011800 | ||
| 336 | |a mluvené slovo |b spw |2 rdacontent | ||
| 337 | |a audio |b s |2 rdamedia | ||
| 338 | |a audiodisk |b sd |2 rdacarrier | ||
| 344 | |a digital |b optical |2 rda | ||
| 347 | |a audio soubor |b MP3 |2 rda | ||
| 500 | |a Název z disku | ||
| 500 | |a Copyright Albatros Media | ||
| 500 | |a Podle stejnojmenné knihy vydané nakladatelstvím Albatros v roce 2010 | ||
| 500 | |a Nezkrácená audiokniha ve formátu MP3 | ||
| 511 | 0 | |a Čte Jana Mazancová | |
| 520 | 2 | |a Další příběh o malém neposluchovi Josífkovi. Sice už přestal lhát, ale uklízení, úkoly a všechny povinnosti ho hrozně nebaví. | |
| 521 | 8 | |a Pro posluchače od 7 let | |
| 655 | 7 | |a české příběhy |7 fd133973 |2 czenas | |
| 655 | 7 | |a zvukové záznamy pro děti a mládež |7 fd186726 |2 czenas | |
| 655 | 7 | |a audioknihy |7 fd119452 |2 czenas | |
| 655 | 7 | |a kompaktní disky |7 fd201991 |2 czenas | |
| 700 | 1 | |a Mazancová, Jana |4 nrt | |
| 900 | |a ABA001 |b 18 | ||
| 044 | |a xr | ||
| 505 | 0 | 0 | |t Smacena-sobota (8 min., 50 sek.) |
| 505 | 0 | 0 | |t Nepovedena-nedele (8 min., 10 sek.) |
| 505 | 0 | 0 | |t Podivne-pondeli (9 min., 49 sek.) |
| 505 | 0 | 0 | |t Udivene-utery (10 min., 32 sek.) |
| 505 | 0 | 0 | |t Strelena-streda (9 min., 41 sek.) |
| 505 | 0 | 0 | |t Sileny-ctvrtek (11 min., 2 sek.) |
| 505 | 0 | 0 | |t Popleteny-patek (11 min., 56 sek.) |
| 505 | 0 | 0 | |t Smutna-So-nevesela Ne-povedene-Po (8 min., 35 sek.) |
| 910 | |a RBIT002 | ||
| 998 | |d 206766 |a https://core.palmknihy.cz/api/books/206766/cover?she804 |b https://core.palmknihy.cz/api/books/206766/cover/400?she804 |c https://core.palmknihy.cz/api/books/206766/cover/50?she804 |e 2026-12-31 |i 8594050427815 |l 4680 |q 49 |r 1 |s https://www.palmknihy.cz/kniha/206766 |t audiobook |y 2019 |z 0 | ||
| 999 | |d 313069 | ||